Innocency cleared : the liberties and priviledges of Gods people for assembling together in his fear to wait upon him very calmly expostulated and their refusal of all oaths in meekness vindicated

Bibliographic Details
Main Author: Mason, Martin, fl. 1650-1676
Format: eBook
Language:English
Published: [London : publisher not identified, 1660?]
Series:Early English books online.
Subjects:
Online Access:Connect to the full text of this electronic book

MARC

Tag First Indicator Second Indicator Subfields
LEADER 00000nam a2200000Ia 4500
001 in00004300921
005 20200810083032.0
006 m g d
007 cr bn |||a|bb|
008 860602s1660 enk o 00| | eng d
035 |a (OCoLC)13674237 
040 |a EAA  |c EAA  |d m/c  |d EAA  |d WaOLN 
037 |a CL0037000024  |b ProQuest Information and Learning. 300 N. Zeeb Rd., Ann Arbor, MI 48106 
049 |a UMIA 
100 1 |a Mason, Martin,  |d fl. 1650-1676. 
245 1 0 |a Innocency cleared :  |b the liberties and priviledges of Gods people for assembling together in his fear to wait upon him very calmly expostulated and their refusal of all oaths in meekness vindicated 
260 |a [London :  |b publisher not identified,  |c 1660?] 
300 |a 1 online resource (8 pages) 
336 |a text  |b txt  |2 rdacontent 
337 |a computer  |b c  |2 rdamedia 
338 |a online resource  |b cr  |2 rdacarrier 
500 |a Caption title. 
500 |a Signed at the end: By a sufferer for truths sake. 
500 |a Written by Martin Mason. Cf. DNB. 
500 |a Place and probable date of publication from Wing. 
500 |a Reproduction of original in Duke University Library. 
510 4 |a Wing  |c M930 
533 |a Electronic reproduction.  |b Ann Arbor, Mich. :  |c UMI,  |d 1999-  |f (Early English books online)  |n Digital version of: (Early English books, 1641-1700 ; 794:28)  |7 s1999 miun s 
650 0 |a Oaths  |v Early works to 1800. 
830 0 |a Early English books online. 
856 4 0 |u http://proxy.library.tamu.edu/login?url=https://search.proquest.com/docview/2240876212  |z Connect to the full text of this electronic book  |t 0 
999 f f |s c36cbc7c-eddd-397f-9e29-9e04d8a8644e  |i 4b4afc40-199b-3d3d-9881-9d6a25ee61e0  |t 0 
952 f f |a Texas A&M University  |b College Station  |c Electronic Resources  |d Available Online  |t 0  |h No information provided 
998 f f |t 0  |l Available Online